Borderlands Quiz - Statistics

General Stats
  • This quiz has been taken 1,043 times
  • The average score is 8 of 15
Answer Stats
Hint Answer % Correct
Says Catch a Ride Scooter
87%
Dog-like beasts Skags
85%
He sells the guns Marcus
83%
Dr. Zed's Evil Brother Dr. Ned
77%
Enemy on the front cover of the game Psycho
69%
Clap-traps actual name CL4P-TP
58%
First town in the game Fyrestone
57%
The Hunter's actual name Mordecai
53%
If it didn't take one shot, it wasn't a... Jakobs
52%
Second DLC released Mad Moxxie's Underdome Riot
39%
First DLC released Zombie Island of Dr. Ned
39%
Third DLC released General Knoxx's Secret Armory
38%
First Boss in the game Sledge
28%
Final DLC released Claptrap Robolution
17%
Only area with snow Eridian Promontory
7%
No matching quizzes found
Score Distribution
Percent of People with Each Score
Percentile by Number Answered
Your Score History
You have not taken this quiz